[Event "Spanish Women's Championship"]
[Site "Linares"]
[Date "2017.08.25"]
[Round "7"]
[White "Hernandez Estevez, Yudania"]
[Black "Prado Acebo, Ines"]
[Result "1-0"]
[WhiteTitle "WIM"]
[BlackTitle "WFM"]
[WhiteElo "2211"]
[BlackElo "2107"]
[Board "3"]
[WhiteCountry "ESP"]
[WhiteFideId "2219344"]
[WhiteEloChange "7"]
[BlackCountry "ESP"]
[BlackFideId "22251235"]
[BlackEloChange "-7"]

1. e4 e6 2. d4 d5 3. Nc3 Bb4 4. Ne2 dxe4 5. a3 Bxc3+ 6. Nxc3 Nc6 7. Bb5 Ne7
8. Be3 O-O 9. Qd2 a6 10. Bxc6 Nxc6 11. O-O-O e5 12. d5 Ne7 13. Nxe4 Nf5 14.
h3 Nd6 15. Nc3 Bf5 16. f3 Qd7 17. g4 Bg6 18. h4 f6 19. Bc5 Rfd8 20. Qe2 Nb5
21. Ne4 b6 22. Bf2 Re8 23. g5 f5 24. h5 Bf7 25. g6 fxe4 26. gxf7+ Qxf7 27.
fxe4 Qf4+ 28. Kb1 Rf8 29. Bh4 Nd4 30. Qc4 Nf3 31. Be1 b5 32. Qd3 Rf6 33.
Bc3 Rd8 34. Bb4 Rd7 35. Ka2 Qg4 36. c4 c6 37. cxb5 cxd5 38. bxa6 Qe6 39.
Qb5 dxe4+ 40. Ka1 Rxd1+ 41. Rxd1 h6 42. a7 Nd4 43. a8=Q+ 1-0

[Event "Spanish Women's Championship"]
[Site "Linares"]
[Date "2017.08.25"]
[Round "7"]
[White "Sosa Suarez, Carla Cristina"]
[Black "Vega Gutierrez, Belinda"]
[Result "1/2-1/2"]
[BlackTitle "WIM"]
[WhiteElo "1911"]
[BlackElo "2178"]
[Board "4"]
[WhiteCountry "ESP"]
[WhiteFideId "24536350"]
[WhiteEloChange "6"]
[BlackCountry "ESP"]
[BlackFideId "2229994"]
[BlackEloChange "-6"]

1. e4 e5 2. Nf3 Nc6 3. Bc4 Bc5 4. c3 Nf6 5. d3 a6 6. Nbd2 d6 7. a4 Ba7 8.
O-O Ne7 9. h3 Ng6 10. Re1 O-O 11. Nf1 h6 12. Ng3 c6 13. Bb3 Re8 14. d4 Qc7
15. Bc2 Be6 16. Be3 Rad8 17. Qc1 Kh7 18. Nf5 Bxf5 19. exf5 Nf8 20. dxe5
Bxe3 21. Qxe3 dxe5 22. c4 N8d7 23. Rad1 Kg8 24. Qc3 e4 25. Nd2 Qf4 26. Qe3
Qxf5 27. Nxe4 Qa5 28. Qf3 Nxe4 29. Rxe4 Nf6 30. Rxe8+ Rxe8 31. Qf5 Qxf5 32.
Bxf5 g6 33. Bd3 Kf8 34. Kf1 a5 35. Bc2 Ne4 36. Bxe4 Rxe4 37. b3 Ke7 38. Rd3
Re6 39. g3 h5 40. h4 Re5 41. f4 Re4 42. Kf2 1/2-1/2

[Event "Spanish Women's Championship"]
[Site "Linares"]
[Date "2017.08.25"]
[Round "7"]
[White "Redondo Benavente, Ana"]
[Black "Ortin Blanco, Ainhoa"]
[Result "1-0"]
[WhiteTitle "WFM"]
[WhiteElo "2022"]
[BlackElo "1961"]
[Board "5"]
[WhiteCountry "ESP"]
[WhiteFideId "32021674"]
[WhiteEloChange "8"]
[BlackCountry "ESP"]
[BlackFideId "32010117"]
[BlackEloChange "-8"]

1. d4 Nf6 2. Bf4 g6 3. Nc3 d5 4. e3 Bg7 5. h4 c5 6. Nb5 Na6 7. c3 O-O 8.
Be2 h5 9. Nf3 cxd4 10. exd4 Bg4 11. Ne5 Bxe2 12. Qxe2 Nd7 13. g4 Nxe5 14.
dxe5 hxg4 15. h5 gxh5 16. Rxh5 f5 17. e6 Rf6 18. Nd4 Qe8 19. Rg5 Nc5 20.
Nxf5 Rxf5 21. Rxf5 Qg6 22. Rxd5 Nxe6 23. Qc4 Qf7 24. Be3 g3 25. O-O-O gxf2
26. R5d2 Ng5 27. Qxf7+ Nxf7 28. Rxf2 Ne5 29. Bd4 Ng6 30. Bxg7 Kxg7 31. Rg2
Rh8 32. Rd7 Kf6 33. Rxb7 Nf4 34. Rf2 Kg5 35. Rxf4 Kxf4 36. Rxe7 a5 37. Kc2
a4 38. c4 Rh2+ 39. Kc3 a3 40. bxa3 Rxa2 41. Kb3 Ra1 42. c5 Rc1 43. Kb4 Rb1+
44. Ka5 Rc1 45. Kb6 Ra1 46. c6 Rxa3 47. c7 Rb3+ 48. Kc6 Rc3+ 49. Kd7 Rd3+
50. Kc8 Kf5 51. Re8 Rb3 52. Kd7 Rd3+ 53. Kc6 Rc3+ 54. Kb6 Rb3+ 55. Ka5 1-0

[Event "Spanish Women's Championship"]
[Site "Linares"]
[Date "2017.08.25"]
[Round "7"]
[White "Gil Quilez, Sonia"]
[Black "Redondo Arguelles, Graciela"]
[Result "1/2-1/2"]
[WhiteTitle "WFM"]
[BlackTitle "WFM"]
[WhiteElo "2057"]
[BlackElo "1997"]
[Board "6"]
[WhiteCountry "ESP"]
[WhiteFideId "2263980"]
[WhiteEloChange "-2"]
[BlackCountry "ESP"]
[BlackFideId "2219824"]
[BlackEloChange "2"]

1. d4 d5 2. Nf3 Nf6 3. c4 e6 4. Nc3 Be7 5. Bg5 Nbd7 6. e3 c6 7. Qc2 O-O 8.
Bd3 dxc4 9. Bxc4 Nd5 10. Bxe7 Qxe7 11. a3 N7f6 12. Bd3 h6 13. O-O Nxc3 14.
Qxc3 Bd7 15. Ne5 Rfd8 16. Rfc1 Be8 17. f4 Rac8 18. b4 Qd6 19. Qc5 b6 20.
Qxd6 Rxd6 21. Ra2 Nd5 22. Kf2 Ne7 23. Rac2 f6 24. Nf3 g5 25. g3 Kg7 26. h3
Rcd8 27. Be4 Nd5 28. Nd2 Ne7 29. Kf3 Bh5+ 30. Kf2 Be8 31. Kf3 Bh5+ 32. Kf2
Be8 33. Kf3 1/2-1/2

[Event "Spanish Women's Championship"]
[Site "Linares"]
[Date "2017.08.25"]
[Round "7"]
[White "Matnadze, Ana"]
[Black "Gallego Sosa, Clara"]
[Result "1-0"]
[WhiteTitle "IM"]
[WhiteElo "2389"]
[BlackElo "1729"]
[Board "7"]
[WhiteCountry "ESP"]
[WhiteFideId "13601377"]
[WhiteEloChange "2"]
[BlackCountry "ESP"]
[BlackFideId "22259252"]
[BlackEloChange "-2"]

1. d4 Nf6 2. Nf3 g6 3. g3 Bg7 4. Bg2 d6 5. O-O O-O 6. c4 Nbd7 7. Nc3 e5 8.
h3 c6 9. e4 Nh5 10. Be3 Qe8 11. Re1 f5 12. dxe5 dxe5 13. exf5 gxf5 14. Bd4
c5 15. Bxe5 Qg6 16. Nd5 Kh8 17. Ne7 Qh6 18. Bxg7+ Qxg7 19. Qd6 Rf6 20. Qc7
Rf8 21. Rad1 Qxb2 22. Nxc8 Raxc8 23. Qxd7 Qf6 24. Qe7 Qg6 25. Nh4 Qg8 26.
Bd5 Qg7 27. Qxg7+ Nxg7 28. Bxb7 Rc7 29. Bd5 Ne8 30. Nxf5 Rxf5 31. Rxe8+ Kg7
32. Rg8+ Kh6 33. Re1 1-0

[Event "Spanish Women's Championship"]
[Site "Linares"]
[Date "2017.08.25"]
[Round "7"]
[White "Beltran Ortiz, Edda Georgina"]
[Black "Pablos Tenrero, Raquel"]
[Result "1/2-1/2"]
[WhiteElo "1906"]
[BlackElo "2008"]
[Board "8"]
[WhiteCountry "ESP"]
[WhiteFideId "2257807"]
[WhiteEloChange "3"]
[BlackCountry "ESP"]
[BlackFideId "2216213"]
[BlackEloChange "-3"]

1. e4 c5 2. Nf3 Nc6 3. Nc3 d6 4. d4 cxd4 5. Nxd4 e5 6. Nb3 Nf6 7. Be2 Be7
8. O-O O-O 9. Kh1 Be6 10. f4 Bxb3 11. axb3 Nd4 12. Be3 Nxe2 13. Qxe2 a6 14.
Rad1 Qc7 15. Nd5 Nxd5 16. Rxd5 Rfd8 17. Qf2 Rf8 18. Rfd1 Qc6 19. c3 Rfe8
20. Rf1 Bf6 21. f5 Qc7 22. Bb6 Qc6 23. Be3 Qc7 24. Bb6 Qc6 25. Be3 Qc7 26.
Bb6 1/2-1/2

[Event "Spanish Women's Championship"]
[Site "Linares"]
[Date "2017.08.25"]
[Round "7"]
[White "Rodriguez Redondo, Adhara"]
[Black "Guillo Longares, Cecilia"]
[Result "1-0"]
[WhiteElo "1726"]
[BlackElo "1899"]
[Board "9"]
[WhiteCountry "ESP"]
[WhiteFideId "32065698"]
[WhiteEloChange "15"]
[BlackCountry "ESP"]
[BlackFideId "32082681"]
[BlackEloChange "-15"]

1. e4 c5 2. Nf3 Nc6 3. d4 cxd4 4. Nxd4 g6 5. c4 Bg7 6. Be3 Nf6 7. Nc3 O-O
8. Be2 d6 9. O-O Bd7 10. Qd2 Nxd4 11. Bxd4 Bc6 12. Bd3 Nd7 13. Bxg7 Kxg7
14. Rae1 a5 15. Re3 h6 16. Rh3 Rh8 17. f4 Nc5 18. Bb1 Qb6 19. Kh1 Rag8 20.
Nd5 Bxd5 21. exd5 Nd7 22. Re1 Re8 23. Ra3 Qc5 24. Qc3+ Nf6 25. Rxa5 Qf2 26.
Qe3 Qh4 27. Qg3 Qxg3 28. hxg3 Rc8 29. Bd3 Rc7 30. b4 g5 31. Re3 Ng4 32. Rf3
h5 33. Kg1 f6 34. Be2 Nh6 35. Kf2 g4 36. Rc3 Rhc8 37. Bd3 Nf7 38. Ke3 Nh8
39. Kd4 Ng6 40. Bf5 b6 41. Rb5 Ra8 42. Bb1 Ra6 43. a4 Nf8 44. Bc2 Nd7 45.
Re3 Kf7 46. Re1 Rc8 47. Bf5 Rc7 48. Ra1 Kg7 49. a5 bxa5 50. Raxa5 Rxa5 51.
Rxa5 Nb6 52. c5 dxc5+ 53. bxc5 Nd7 54. Bxd7 Rxd7 55. c6 Rc7 56. Kc5 Kf7 57.
Kb6 Rc8 58. Kb7 1-0

[Event "Spanish Women's Championship"]
[Site "Linares"]
[Date "2017.08.25"]
[Round "7"]
[White "Vicens Company, Maria Antonia"]
[Black "Gavira Valencia, Gizela"]
[Result "1-0"]
[WhiteElo "1838"]
[BlackElo "1476"]
[Board "10"]
[WhiteCountry "ESP"]
[WhiteFideId "2280680"]
[WhiteEloChange "2"]
[BlackCountry "ESP"]
[BlackFideId "24519600"]
[BlackEloChange "-2"]

1. e4 g6 2. d4 Bg7 3. c4 c5 4. d5 d6 5. Nc3 f5 6. Bd3 e6 7. dxe6 fxe4 8.
Bxe4 Nf6 9. Qa4+ Ke7 10. Bd5 h6 11. Nf3 Nc6 12. O-O Qa5 13. Bxc6 Qxa4 14.
Bxa4 Bxe6 15. Re1 Kf7 16. Bf4 Rad8 17. Rad1 d5 18. Ne5+ Kf8 19. Nxg6+ Kf7
20. Nxh8+ Bxh8 21. cxd5 Bg4 22. f3 Bc8 23. Bxh6 Nh5 24. d6 1-0

[Event "Spanish Women's Championship"]
[Site "Linares"]
[Date "2017.08.25"]
[Round "7"]
[White "Garreta Nieto, Maria"]
[Black "Ruiz de Leon Merlo, Esther"]
[Result "1/2-1/2"]
[WhiteElo "1771"]
[BlackElo "1696"]
[Board "11"]
[WhiteCountry "ESP"]
[WhiteFideId "32024819"]
[WhiteEloChange "-2"]
[BlackCountry "ESP"]
[BlackFideId "22274553"]
[BlackEloChange "2"]

1. d4 g6 2. c4 Bg7 3. Nf3 c5 4. d5 d6 5. Nc3 Bxc3+ 6. bxc3 Nf6 7. e3 e6 8.
Qd3 O-O 9. Be2 Qa5 10. a4 exd5 11. cxd5 Nxd5 12. Bd2 Nf6 13. c4 Qc7 14. Bc3
Bf5 15. Qd2 Ne4 16. Qb2 Nxc3 17. Qxc3 Nc6 18. O-O Ne5 19. Rfd1 Bg4 20. Rd5
Bxf3 21. Bxf3 Nxf3+ 22. gxf3 Rfe8 23. Rad1 Re6 24. Qd3 Rd8 25. h4 b6 26. h5
Qe7 27. Kg2 Qh4 28. Rh1 Qe7 29. f4 Qd7 30. f5 Re5 31. hxg6 hxg6 32. f4 Rxf5
33. Rxf5 Qxf5 34. Qxf5 gxf5 35. Rh5 d5 36. cxd5 Rxd5 37. Kf3 Rd3 38. a5 Ra3
39. axb6 axb6 40. Rxf5 c4 41. Ke4 Rb3 42. Kd4 b5 43. Rc5 Kg7 44. Rc6 f6 45.
Rc5 Kg6 46. Rc8 c3 47. e4 b4 48. Kd3 Rb2 49. Rc4 Rd2+ 50. Ke3 Rd1 51. Ke2
Rb1 52. Kd3 Rb2 53. Rc5 Rd2+ 54. Kc4 c2 55. Kb3 Rd4 56. e5 f5 57. Rxc2 Rxf4
58. Re2 Kf7 59. e6+ Ke7 60. Re5 Re4 61. Rxf5 Kxe6 62. Rb5 1/2-1/2

[Event "Spanish Women's Championship"]
[Site "Linares"]
[Date "2017.08.25"]
[Round "7"]
[White "Rodriguez Perez, Marta"]
[Black "Roces Heres, Sara"]
[Result "1-0"]
[WhiteElo "1277"]
[BlackElo "1567"]
[Board "12"]
[WhiteCountry "ESP"]
[WhiteFideId "24541656"]
[WhiteEloChange "17"]
[BlackCountry "ESP"]
[BlackFideId "24526282"]
[BlackEloChange "-17"]

1. c4 e5 2. Nc3 Nf6 3. g3 Nc6 4. Bg2 Bc5 5. e3 d6 6. Nge2 Bf5 7. O-O Bd3 8.
b3 Nb4 9. Bb2 Rb8 10. a3 Nc6 11. b4 Bb6 12. Qb3 O-O 13. Rfe1 a5 14. b5 Ne7
15. Na4 Bf5 16. d4 Ng6 17. c5 dxc5 18. dxc5 Be6 19. Qc2 Ba7 20. Rad1 Qc8
21. Rd2 Ra8 22. c6 bxc6 23. Qxc6 Rb8 24. Rc1 Rd8 25. Rxd8+ Qxd8 26. Qxc7
Rc8 27. Qxd8+ Rxd8 28. Bc3 Rb8 29. Bc6 Bc4 30. b6 Bxb6 31. Nxb6 Rxb6 32.
Bf3 Bxe2 33. Bxe2 Rb3 34. a4 h6 35. Bxa5 Rb2 36. Bd1 Ne4 37. Bc2 Nd6 38.
Bc3 Rb7 39. Bxg6 fxg6 40. Bxe5 Ne8 41. a5 Ra7 42. Ra1 Kf7 43. Bd4 Ra6 44.
Bb6 Nd6 45. Rc1 Kf6 46. Rc7 Ke6 47. Rxg7 Kf6 48. Ra7 Rxa7 49. Bxa7 Nc4 50.
a6 Ke6 51. Bd4 Kd5 1-0

[Event "Spanish Women's Championship"]
[Site "Linares"]
[Date "2017.08.25"]
[Round "7"]
[White "Acebal Muniz, Maria Concepcion"]
[Black "Perdigones Gomez, Mercedes"]
[Result "1/2-1/2"]
[WhiteElo "1220"]
[BlackElo "1302"]
[Board "13"]
[WhiteCountry "ESP"]
[WhiteFideId "2240491"]
[WhiteEloChange "2"]
[BlackCountry "ESP"]
[BlackFideId "54538882"]
[BlackEloChange "-2"]

1. e4 g6 2. d4 Bg7 3. Nf3 c5 4. c4 cxd4 5. Nxd4 Nc6 6. Be3 d6 7. Nc3 Nf6 8.
f3 O-O 9. Be2 Re8 10. Nc2 Be6 11. O-O Na5 12. b3 Nd7 13. Qd2 Nc6 14. Rac1
Qa5 15. Na4 Qxd2 16. Bxd2 Nd4 17. Nxd4 Bxd4+ 18. Kh1 Nc5 19. Nc3 Rf8 20.
Nb5 Bg7 21. Be3 a6 22. Nd4 Bd7 23. Rcd1 b5 24. cxb5 axb5 25. Rd2 b4 26. Bc4
Kh8 27. Rfd1 h5 28. Ne2 Be6 29. Bb5 Ra5 30. Bc6 Rc8 31. Nd4 Bxd4 32. Bxd4+
Kh7 33. Bxc5 dxc5 34. Bd5 Bxd5 35. exd5 c4 36. bxc4 Rxc4 37. Kg1 Rc3 38.
Re1 Rc7 39. Rb1 Rcc5 40. Rxb4 Rxd5 41. Rdb2 Rd1+ 42. Kf2 Ra1 43. Rb7 R1xa2
44. Rxa2 Rxa2+ 45. Kg3 Kh6 46. Rxe7 Kg7 47. Kh3 1/2-1/2

[Event "Spanish Women's Championship"]
[Site "Linares"]
[Date "2017.08.26"]
[Round "8"]
[White "Vega Gutierrez, Sabrina"]
[Black "Hernandez Estevez, Yudania"]
[Result "1-0"]
[WhiteTitle "IM"]
[BlackTitle "WIM"]
[WhiteElo "2369"]
[BlackElo "2211"]
[Board "1"]
[WhiteCountry "ESP"]
[WhiteFideId "2219026"]
[WhiteEloChange "6"]
[BlackCountry "ESP"]
[BlackFideId "2219344"]
[BlackEloChange "-6"]

1. e4 c6 2. d4 d5 3. exd5 cxd5 4. Bd3 Nc6 5. c3 Qc7 6. Ne2 Bg4 7. O-O e6 8.
Qe1 Bxe2 9. Qxe2 Bd6 10. Qg4 g6 11. Qh3 Bf4 12. Nd2 Nge7 13. g3 Bg5 14. Nf3
Bxc1 15. Rfxc1 Qd6 16. Re1 O-O-O 17. a4 h6 18. a5 Nf5 19. b4 Nb8 20. Ne5
Rdf8 21. a6 b6 22. Bxf5 gxf5 23. c4 Nd7 24. c5 bxc5 25. bxc5 Qc7 26. Rab1
Nxe5 27. Rxe5 f4 28. Rxe6 f5 29. Rb7 1-0

[Event "Spanish Women's Championship"]
[Site "Linares"]
[Date "2017.08.26"]
[Round "8"]
[White "Calzetta Ruiz, Monica"]
[Black "Redondo Benavente, Ana"]
[Result "1/2-1/2"]
[WhiteTitle "WGM"]
[BlackTitle "WFM"]
[WhiteElo "2288"]
[BlackElo "2022"]
[Board "2"]
[WhiteCountry "ESP"]
[WhiteFideId "2204185"]
[WhiteEloChange "-6"]
[BlackCountry "ESP"]
[BlackFideId "32021674"]
[BlackEloChange "6"]

1. e4 e6 2. d4 d5 3. Bd3 dxe4 4. Bxe4 Nf6 5. Bf3 Bd6 6. Ne2 O-O 7. O-O e5
8. Nbc3 h6 9. dxe5 Bxe5 10. Bf4 Bxf4 11. Nxf4 Qxd1 12. Raxd1 c6 13. Rfe1 g5
14. Nd3 Bf5 15. Re5 Bxd3 16. Rxd3 Nbd7 17. Re7 Rfe8 18. Rde3 Kf8 19. Rxe8+
Rxe8 20. Rxe8+ Kxe8 21. h3 Ke7 22. Kf1 Ke6 23. a4 Ne5 24. Be2 a5 25. g3 b6
26. Ba6 Kd6 27. Ke2 Ned7 28. Bc4 Ke7 29. Ke3 Ne8 30. Be2 Nd6 31. b3 Nf5+
32. Kd2 Ne5 33. Nd1 1/2-1/2

[Event "Spanish Women's Championship"]
[Site "Linares"]
[Date "2017.08.26"]
[Round "8"]
[White "Perera Borrego, Maria Adela"]
[Black "Sosa Suarez, Carla Cristina"]
[Result "1-0"]
[WhiteTitle "WFM"]
[WhiteElo "2116"]
[BlackElo "1911"]
[Board "3"]
[WhiteCountry "ESP"]
[WhiteFideId "22238255"]
[WhiteEloChange "5"]
[BlackCountry "ESP"]
[BlackFideId "24536350"]
[BlackEloChange "-5"]

1. d4 e6 2. c4 Nf6 3. Nc3 Bb4 4. e3 c5 5. Ne2 b6 6. a3 Bxc3+ 7. Nxc3 O-O 8.
d5 d6 9. Be2 Bb7 10. e4 exd5 11. cxd5 Re8 12. f3 a6 13. a4 Nbd7 14. O-O Qc7
15. b3 Ne5 16. Bg5 Nfd7 17. Rc1 h6 18. Bh4 Ng6 19. Bg3 Nf6 20. Bd3 Bc8 21.
f4 Qb7 22. h3 Rd8 23. Qe2 Bd7 24. Rcd1 Be8 25. Qf3 Nh7 26. h4 b5 27. e5
dxe5 28. fxe5 bxa4 29. bxa4 Qb4 30. Be4 Rac8 31. d6 Ngf8 32. Nd5 Qxa4 33.
Ne7+ Kh8 34. Nxc8 Rxc8 35. Bd5 Ne6 36. Kh2 g5 37. Qe4 Qxe4 38. Bxe4 Nd4 39.
Bxh7 Kxh7 40. d7 Bxd7 41. Rxf7+ Kg6 42. Rxd7 1-0

[Event "Spanish Women's Championship"]
[Site "Linares"]
[Date "2017.08.26"]
[Round "8"]
[White "Vega Gutierrez, Belinda"]
[Black "Matnadze, Ana"]
[Result "1-0"]
[WhiteTitle "WIM"]
[BlackTitle "IM"]
[WhiteElo "2178"]
[BlackElo "2389"]
[Board "4"]
[WhiteCountry "ESP"]
[WhiteFideId "2229994"]
[WhiteEloChange "15"]
[BlackCountry "ESP"]
[BlackFideId "13601377"]
[BlackEloChange "-15"]

1. e4 c5 2. Ne2 d5 3. exd5 Qxd5 4. Nbc3 Qd8 5. d4 e6 6. Bf4 Qb6 7. Qd2 Nf6
8. O-O-O Nc6 9. dxc5 Bxc5 10. Na4 Qb4 11. Nxc5 Qxc5 12. Nc3 e5 13. Bxe5 Be6
14. Bxf6 gxf6 15. Ne4 Qe5 16. Nd6+ Kf8 17. Bc4 Kg7 18. Rhe1 Qh5 19. Bxe6
fxe6 20. Rxe6 Rhd8 21. Qf4 Qg5 22. Qxg5+ fxg5 23. Nxb7 Rxd1+ 24. Kxd1 Nd4
25. Rd6 Rb8 26. Rxd4 Rxb7 27. b3 Kf6 28. Kd2 h5 29. c4 h4 30. h3 a5 31.
Rd6+ Ke5 32. Rd5+ Kf4 33. Rxa5 Rd7+ 34. Rd5 Ra7 35. a4 Rb7 36. Kc3 Re7 37.
a5 1-0

[Event "Spanish Women's Championship"]
[Site "Linares"]
[Date "2017.08.26"]
[Round "8"]
[White "Prado Acebo, Ines"]
[Black "Garcia Vicente, Nieves"]
[Result "0-1"]
[WhiteTitle "WFM"]
[BlackTitle "WIM"]
[WhiteElo "2107"]
[BlackElo "2137"]
[Board "5"]
[WhiteCountry "ESP"]
[WhiteFideId "22251235"]
[WhiteEloChange "-9"]
[BlackCountry "ESP"]
[BlackFideId "2201542"]
[BlackEloChange "9"]

1. d4 Nf6 2. c4 e6 3. Nc3 Bb4 4. Qc2 c5 5. dxc5 O-O 6. a3 Bxc5 7. Nf3 b6 8.
Bg5 Bb7 9. e3 h6 10. Bh4 Be7 11. Be2 d6 12. O-O Nbd7 13. Rfd1 a6 14. Bg3
Qc7 15. Qd2 Ne5 16. Rac1 Rfd8 17. Ne1 Rac8 18. b3 Qb8 19. Qb2 Nc6 20. f3
Nd7 21. Rd2 Nce5 22. Rcd1 Qc7 23. Rc2 h5 24. h3 h4 25. Bf2 Qb8 26. Rd4 Ng6
27. Rd1 Bf6 28. Qc1 Bc6 29. Nd3 Nc5 30. Qb1 Qb7 31. Nb4 Be8 32. Nd3 Qa8 33.
Nxc5 dxc5 34. Ne4 Be7 35. Rcd2 Qb8 36. Qc1 Bc6 37. Bd3 Ne5 38. Bb1 Rxd2 39.
Nxd2 Rd8 40. Ne4 Qc7 41. Qc2 Rxd1+ 42. Qxd1 Qd7 43. Qxd7 Bxd7 44. Nd2 f5
45. Kf1 Kf7 46. Bg1 Bc6 47. Bh2 Bf6 48. Ke2 g5 49. Bg1 Nd7 50. Bd3 b5 51.
Bh2 Bb2 52. Nb1 Ke7 53. Kd2 Be5 54. Bg1 Kd6 55. Bf2 Nb6 56. Nc3 bxc4 57.
Bxc4 Nxc4+ 58. bxc4 Bf6 59. Bg1 g4 60. hxg4 fxg4 61. Bh2+ 0-1

[Event "Spanish Women's Championship"]
[Site "Linares"]
[Date "2017.08.26"]
[Round "8"]
[White "Redondo Arguelles, Graciela"]
[Black "Ortin Blanco, Ainhoa"]
[Result "1-0"]
[WhiteTitle "WFM"]
[WhiteElo "1997"]
[BlackElo "1961"]
[Board "6"]
[WhiteCountry "ESP"]
[WhiteFideId "2219824"]
[WhiteEloChange "9"]
[BlackCountry "ESP"]
[BlackFideId "32010117"]
[BlackEloChange "-9"]

1. e4 c5 2. c3 d5 3. exd5 Qxd5 4. d4 Nc6 5. Nf3 Bf5 6. Be3 cxd4 7. Nxd4 Rd8
8. Qa4 e6 9. Nxf5 exf5 10. Nd2 Bc5 11. O-O-O Bxe3 12. fxe3 Nf6 13. Bc4 Qe5
14. Bb3 O-O 15. Qf4 Ng4 16. Nc4 Qc5 17. h3 Nge5 18. Nxe5 Nxe5 19. Bc2 Ng6
20. Qxf5 Qxe3+ 21. Kb1 Qg3 22. Rxd8 Rxd8 23. Rf1 f6 24. Qe4 b6 25. Re1 Kf8
26. a4 Qc7 27. Bb3 Qe5 28. Qb4+ Qc5 29. Qg4 Ne5 30. Qe6 g5 31. Rxe5 Rd1+
32. Ka2 1-0

[Event "Spanish Women's Championship"]
[Site "Linares"]
[Date "2017.08.26"]
[Round "8"]
[White "Rodriguez Redondo, Adhara"]
[Black "Gil Quilez, Sonia"]
[Result "0-1"]
[BlackTitle "WFM"]
[WhiteElo "1726"]
[BlackElo "2057"]
[Board "7"]
[WhiteCountry "ESP"]
[WhiteFideId "32065698"]
[WhiteEloChange "-3"]
[BlackCountry "ESP"]
[BlackFideId "2263980"]
[BlackEloChange "3"]

1. e4 e5 2. Nf3 Nc6 3. Bc4 Bc5 4. c3 Nf6 5. d3 O-O 6. O-O d5 7. exd5 Nxd5
8. Nbd2 Nb6 9. Bb5 Bd6 10. a4 a6 11. Bxc6 bxc6 12. Ne4 Bg4 13. h3 Bh5 14.
Ng3 Bg6 15. Re1 Rb8 16. d4 exd4 17. Nxd4 Qd7 18. a5 Nc4 19. b3 Ne5 20. Re3
c5 21. Nde2 c4 22. Rxe5 cxb3 23. Bb2 Rfd8 24. Rd5 Qe7 25. Qe1 Re8 26. Rdd1
Bc2 27. Rdc1 Qg5 28. Qf1 Qd2 29. Qe1 Qg5 30. Ra4 Bxg3 31. fxg3 Qe3+ 32. Qf2
Qxe2 33. Qxe2 Rxe2 34. Rf4 Rd8 35. Rf2 Rdd2 36. Rxe2 Rxe2 37. Rf1 Re5 38.
Ra1 Kf8 39. Kf2 f6 40. Ra4 Bd3 41. Ba3+ c5 42. Kf3 Be2+ 43. Kf2 Kf7 44. Rf4
g5 45. Ra4 Bb5 46. Rg4 h5 0-1

[Event "Spanish Women's Championship"]
[Site "Linares"]
[Date "2017.08.26"]
[Round "8"]
[White "Pablos Tenrero, Raquel"]
[Black "Vicens Company, Maria Antonia"]
[Result "1-0"]
[WhiteElo "2008"]
[BlackElo "1838"]
[Board "8"]
[WhiteCountry "ESP"]
[WhiteFideId "2216213"]
[WhiteEloChange "5"]
[BlackCountry "ESP"]
[BlackFideId "2280680"]
[BlackEloChange "-5"]

1. d4 d5 2. Nc3 Nf6 3. Bf4 Bf5 4. e3 e6 5. f3 Bd6 6. Bxd6 Qxd6 7. g4 Bg6 8.
Qd2 Nc6 9. O-O-O O-O-O 10. Bd3 Bxd3 11. Qxd3 h6 12. Nge2 Kb8 13. Kb1 g6 14.
Nc1 h5 15. g5 Nd7 16. Nb3 Rhe8 17. e4 dxe4 18. fxe4 Qe7 19. Qg3 a5 20. d5
exd5 21. exd5 Nb4 22. d6 Qe5 23. dxc7+ Kxc7 24. Nb5+ Kb8 25. Nd6 Qxg3 26.
hxg3 Re7 27. Nxa5 Nc5 28. a3 Nc6 29. Ndxb7 Rxd1+ 30. Rxd1 Nxa5 31. Nxc5 Kc7
32. b4 Nc4 33. Rd3 Nd6 34. a4 Re5 35. Na6+ Kc6 36. c3 Rxg5 37. b5+ Nxb5 38.
axb5+ Kxb5 39. Nb4 Kc4 40. Kc2 Rf5 41. Rd4+ Kc5 42. Nd3+ Kc6 43. Kb3 Rg5
44. Kc4 Rxg3 45. Ne5+ Kc7 46. Rd7+ Kc8 47. Rxf7 h4 48. Rh7 g5 49. Kb4 h3
50. c4 g4 51. Kc5 Rg1 52. Kc6 Kd8 53. Ng6 Re1 54. Nf4 Ke8 55. Nd5 Re6+ 56.
Kc5 Re2 57. Nf6+ Kf8 58. Nxg4 Rg2 59. Ne5 Rg5 60. Kd6 Rg3 61. c5 Rg1 62.
Rxh3 Rd1+ 63. Rd3 Rh1 64. c6 Rh6+ 65. Kc7 Rh1 66. Kd8 Re1 67. Nd7+ Kf7 68.
Rf3+ 1-0

[Event "Spanish Women's Championship"]
[Site "Linares"]
[Date "2017.08.26"]
[Round "8"]
[White "De la Fuente de la Fuente, Alba"]
[Black "Beltran Ortiz, Edda Georgina"]
[Result "0-1"]
[WhiteElo "1322"]
[BlackElo "1906"]
[Board "9"]
[WhiteCountry "ESP"]
[WhiteFideId "54512620"]
[WhiteEloChange "-2"]
[BlackCountry "ESP"]
[BlackFideId "2257807"]
[BlackEloChange "2"]

1. e4 c5 2. Nc3 e6 3. f4 d6 4. Bb5+ Bd7 5. Bxd7+ Qxd7 6. Nf3 Nc6 7. O-O g6
8. d3 Bg7 9. Qe1 Nge7 10. Bd2 O-O 11. e5 dxe5 12. fxe5 Nxe5 13. Kh1 Nxf3
14. Rxf3 Nf5 15. Be3 Nxe3 16. Rxe3 b6 17. Rh3 Bxc3 18. Qxc3 Qd4 19. Qb3
Rad8 20. c3 Qf2 21. Rf3 Qe2 22. c4 Qe5 23. Qc2 Rd4 24. Raf1 f5 25. Qf2 Qf6
26. Re1 Rfd8 27. Qe2 R8d6 28. Re3 Kf7 29. a3 a5 30. Rb1 f4 31. Rf3 Qf5 32.
Rd1 e5 33. Qd2 g5 34. b4 g4 35. bxc5 bxc5 36. Rff1 Qxd3 37. Qxd3 Rxd3 38.
Rde1 Kf6 39. a4 Rb3 40. Re4 Kf5 41. Rfe1 Re6 42. R4e2 Rb4 0-1